000 01981nam a22002537a 4500
999 _c63717
_d63717
003 Ge_BSU
005 20251212212029.0
008 251212s2022 ge ||||| |||| 00| 0 geo d
020 _a9789941980398
041 _ageo
080 _a39(=353.1) : 39(479.22)(092) ქ-27
245 _aმღვდელი პოლიევქტოს კარბელაშვილი /
_cსაქართველოს პარლამენტის ეროვნული ბიბლიოთეკა; რედაქტორები: როზეტა გუჯეჯიანი, მირიან ხოსიტაშვილი; სარედაქციო კოლეგია: ნინო მინდაძე, დარიკო ჟორჟოლიანი, ლუარსაბ ტოგონიძე, ია თაბაგარი, ქეთევან ხუციშვილი.
264 _aთბილისი :
_bსაქართველოს პარლამენტის ეროვნული ბიბლიოთეკა,
_c2022.
300 _a148 გვ. :
_bფოტ. ;
_c 21 სმ.
490 _aქართული ეთნოგრაფიული მემკვიდრეობა ;
_v V
504 _aბიბლიოგრაფია ტექსტის შენიშვნებში.
653 _aკარბელაშვილი, პოლიევქტოს, 1855-1936.
653 _aქართული ეთნოგრაფია
653 _aქართველი ეთნოგრაფები
700 _aგუჯეჯიანი, როზეტა
_e რედაქტორი
_95617
700 _aხოსიტაშვილი, მირიან
_eრედაქტორი
_926504
856 _uhttps://dspace.nplg.gov.ge/bitstream/1234/420287/1/Mghvdeli_Polievqtos_Karbelashvili.pdf
_yელ. ვერსია
942 _2udc
_cᲬᲘᲒᲜᲘ